000 00293nam a2200121Ia 4500
005 20251222141932.0
008 251222s9999||||xx |||||||||||||| ||spa||
020 _a84-505-4149-2
082 _a750.92/F96
245 0 _aDarío de Rogoyos:
264 _bFundación Caja de Pensiones
942 _cLIB
999 _c9063
_d9063